000 01598nam a2200241Ia 4500
003 Ost
005 20260507075735.0
008 260507s9999||||xx |||||||||||||| ||und||
040 _cfsecg
041 _aara
082 _a332.45
100 _aمصطفى، أحمد فريد
_eمؤلف
245 0 _aالسياسات النقدية والبعد الدولي لليورو /
_c أحمد فريد مصطفى
260 _aالاسكندرية:
_bمؤسسة شباب الجامعة,
_c2000
300 _a300 صفحة؛
_bإيضاحات ؛
_c24 سم
504 _aببلوغرافيا: ص.283
520 _aالأنظمة والسياسات النقدية-مفهوم السياسة النقدية وأدواتها-السياسات النقدية في اقتصاد اسلامي مقابل الإقتصاد الوضعي-أثر السياسة النقدية على المتغيرات الاقتصادية-علاقة السياسة النقدية على المتغيرات الاقتصادية-علاقة السياسة النقدية بالسياسة الاقتصادية-العملات المحورية وأزمة الدولار في الفترة من 1968إلى 1974-السياسة المالية للدولار-أثر ارتفاع سعر الدولار على الاقتصاد المصري-التحول إلى العملة الاوروبية الموحدة والبعد الدولي لليورو1999
653 _aالسياسة النقدية
653 _aالنقود
653 _aاليورو
700 _aحسن، سمير محمد السيد
_eمؤلف ثانوي
942 _cكتاب
999 _c46077
_d46077